000 00665nam a2200241 i 4500
001 C2-0292679
003 PPAK
005 20180728024652.0
008 090108s1995 nyu |||| ||||| | eng d
020 _a0940450844
040 _aPPAK
_beng
_cPPAK
_erda
082 0 4 _a808.88
_223
090 0 0 _a808.88
_bHUR
_dLCK
100 1 _aHurston, Zora Neale,
_eauthor
245 1 0 _aFolklore, memoir and other writings
264 1 _aNew York :
_bThe Library of America ,
_c1995
300 _a1001 pages ;
_c21 cm
336 _2rdacontent
_atext
337 _2rdamedia
_aunmediated
338 _2rdacarrier
_avolume
650 1 0 _aLiterature - Collections
942 _ddc
_cB
999 _c97521
_d97521